000 00793cas a2200253 a 4500
008
020 _a090256563X (hbk.)
049 _aMAIN
090 _aKDK1443
_bCOO
100 _aCooney, Terry.
245 0 0 _aTaxation summary :
_bRepublic of Ireland 1999/2000
_cTerry Cooney, Jim McLaughlin & Joe Martyn.
260 _aDublin :
_bInstitute of Taxation in Ireland,
_c1999.
300 _axxiv, 360 p. ;
_c25 cm.
500 _aIncludes index.
650 0 _aTaxation
_xLaw and legislation
_xIreland.
700 _aMartyn, Joe.
700 _aMcLaughlin, Jim.
710 2 _aInstitute of Taxation in Ireland.
907 _a.b10222923
_b11-10-13
_c15-12-06
003
005 20241128131718.0
040 _cNUST
942 _cBOOKS
_kKDK1443
_mCOO
_01
999 _c163561
_d163561